| 000 | 00455nam a2200181Ia 4500 | ||
|---|---|---|---|
| 001 | 17521 | ||
| 005 | 20260306171523.0 | ||
| 008 | 260306s9999||||xx |||||||||||||| ||und|| | ||
| 041 | _aESP | ||
| 082 |
_a658 _bV28 |
||
| 100 |
_aVan Den Berghe Romero, Edgar _eAUT |
||
| 245 | 0 | _aDiseñe y administre su empresa orientada a los TLC | |
| 260 | _c2012 | ||
| 300 |
_a377 páginas : _c24 cm. |
||
| 650 | _aGEN | ||
| 654 | _aCAN | ||
| 942 |
_cLIB _dJUS _fJUS _2ddc _n |
||
| 999 |
_c17521 _d17521 |
||